Регионална библиотека "Любен Каравелов" - Русе

Хисаря (Запис номер 189353)

MARC детайли
000 -Лидер
Контролно поле с фиксирана дължина 01575nam a2200349 c 4500
003 - Код на организацията, давaща контролен номер
Контролно поле BLK
005 - Дата и час на последна редакция
Контролно поле 20180422115639.0
008 - Елементи от данни с фиксирана дължина
fixed length control field 180411b bul|||||r ||||||| ||bul||
010 ## - Наследен системен номер
LC control number KNG00198387000
040 ## - Източник на каталожния запис
Идентификатор на билиотеката - собственик на записа BLK
041 ## - Код за език
Код за езика на текст/звукозапис или на отделно заглавие Български
Код за езика КДБФ Български
080 ## - УДК
Текстов определител УДК Хидротерапия (водотерапия). Балнеолечение. Курортотерапия - Лечение с бани, горещи бани, сауна, хладни бани, речно къпане, влажни фрикции, компреси, с "жива вода"(алкално активирана, с ph 9, 6;курорт
УДК код - определител по УДК 615.838
УДК определител
УДК - код + определител 615.838
100 1# - Редна дума - Автор
Автор Малинов, Тодор Спасов
Авторска отговорност първи автор
R(LIN) 344057
139 ## - Редно поле
Редна дума Малинов, Тодор Спасов и др.
Авторски знак Мали - М 22
245 10 - Сведения за заглавието
Заглавие Хисаря
Редно поле (дума) Тодор Спасов Малинов; съавт. Костадин Маджаров.
250 ## - Област на изданието
Сведения за изданието 4. прераб. и доп. изд.
257 ## - Страна на издаване
Страна на създаване/издаване България
260 ## - Област на издателските данни
-- София
Име на издателя, разпространителя и проч. Медицина и физкултура
Година на издаване 1979
300 ## - Физическа характеристика
Страници 140 с.
Илюстрации и др. с ил.
Размери/Мащаб 17 см
380 ## - Жанр
Жанр Медицина
490 1# - СЕРИИ (Колекции)
Име на серия Наши курорти
500 ## - Общи забележки
Забележка 1. изд. 1966. - 22 900 тир.
650 #4 - Допълнително описание по предмет – тема
Основно описание – тема или топоним Курорти, български
9 (RLIN) 273640
650 #4 - Допълнително описание по предмет – тема
Основно описание – тема или топоним Курортно лечение - терапия
9 (RLIN) 160014
651 #4 - Допълнително описание по предмет - топоним
Географско понятие Хисаря
9 (RLIN) 179743
700 1# - Други автори (авторска отговорност)
Лично име Маджаров, Костадин
Автороска отговорност (Описва отношението между автора и произведението) съавт.
9 (RLIN) 384717
852 ## - Местоположение
Форматна сигнатура Цб І 17533
856 4# - Електронен адрес и достъп
Електронен формат pdf - файл
Път до файла /url/
856 4# - Електронен адрес и достъп
Електронен формат pdf - файл
Път до файла /url/
942 ## - АРТИКУЛИ
Вид на библиотечния материал Книги
Скрит в OPAC Не
944 ## - СЪЗДАВАНЕ И РЕДАКЦИЯ на ЗАПИСА
Създаване/Редакция Създаване
Дата на регистрацията/редакция 16.12.2016
Служител, извършил регистрацията/редакцията Кети_Илиева
944 ## - СЪЗДАВАНЕ И РЕДАКЦИЯ на ЗАПИСА
Създаване/Редакция Редакция
Дата на регистрацията/редакция 16.12.2016
Служител, извършил регистрацията/редакцията Кети_Илиева
999 ## - СИСТЕМНИ КОНТРОЛНИ НОМЕРА
Koha biblionumber 189353
Koha biblioitemnumber 189353
Наличности
Код за отписване Код за изгубен артикул Източник на класификационната схема Код за повреда Коз за рестрикции Код за отдаване Артикулен № Име на библиотеката - собственик Име на библиотеката, в която се намира в момента Статус (Текущо местоположение) Дата на вписване в системата Местоположение - отдел Цена в лева Инвентарен номер Систематично азбучна сигнатура Баркод Номер на екземпляра Цена в евро Служебна бележка Служебен тип на артикула
  Не е изгубен Universal Decimal Classification Не е повреден само за читалня ползва се в читалня 333141 Регионална библиотека "Любен Каравелов" Русе Регионална библиотека "Любен Каравелов" Русе Хранилище 1979-01-01 Хранилище 0.38 290277 Цб І 17533 120000290277 1 0.19 Вид: Сф Дата: 01.01.1979 Книги
Изтеглен Не е изгубен Universal Decimal Classification Не е повреден без рестрикции заемане за дома 333142 Регионална библиотека "Любен Каравелов" Русе Регионална библиотека "Любен Каравелов" Русе Заемна - подръчен фонд 1979-01-01 Заемна - подръчен фонд 0.38 290539 П 615.83/М 22 290539 2 0.19 Вид: Сф Дата: 01.01.1979 Книги
Изтеглен Не е изгубен Universal Decimal Classification Не е повреден без рестрикции заемане за дома 333143 Регионална библиотека "Любен Каравелов" Русе Регионална библиотека "Любен Каравелов" Русе Заемна - подръчен фонд 1979-01-01 Заемна - подръчен фонд 0.38 290541 П 615.83/М 22 290541 3 0.19 Вид: Сф Дата: 01.01.1979 Дата инв: 15.02.2018 Бележки инв: П2018 Книги
Vip Innovations Ltd, Rousse, Bulgaria 2025